000 00558nam a22001817a 4500
003 NUST
005 20260217115846.0
008 260217b ||||| |||| 00| 0 eng d
020 _a978-0471432210
082 _a658.404
_bWYS
100 _aRobert K. Wysocki, Rudd McGary.
_9133296
245 _aEffective Project Management /
_bTraditional, Adaptive, Extreme /
_cRobert K. Wysocki, Rudd McGary.
250 _a3rd Edition
260 _aIndiana:
_bWiley Publishing,
_c2003.
300 _axxxviii, 646 p ;
_c29.7 cm.
563 _aPaperback
942 _2ddc
_cBK
999 _c616270
_d616270